| 000 | 00443nam a22001697a 4500 | ||
|---|---|---|---|
| 003 | NUST - PNEC | ||
| 005 | 20170116181143.0 | ||
| 008 | 151008b xxu||||| |||| 00| 0 eng d | ||
| 020 | _a8120307097 | ||
| 040 | _cLIBRARY | ||
| 082 | _a658.7 GOP | ||
| 100 |
_914811 _aGopalakrishnan, P |
||
| 245 |
_aHandbook of materials management _cP.Gopalakrishnan, |
||
| 260 | _cc1994. | ||
| 650 |
_914812 _aMaterials management _xME |
||
| 942 |
_2ddc _cBK |
||
| 999 |
_c70580 _d70580 |
||